[Event "N3-R5-Auch vs Merignac"]
[Site "?"]
[Date "2011.01.16"]
[Round "5"]
[White "Bignonneau, Claudette"]
[Black "Pokee, Michele"]
[Result "0-1"]
[WhiteElo "1499"]
[BlackElo "1420"]
[Annotator ""]
[Source ""]
[Remark ""]

1.d4 d5 2.Nc3 Bf5 3.Bf4 e6 4.e3 Bb4 5.Bb5+ c6 6.Ba4 Qa5 7.Qd2 Bxc3 8.Qxc3 
Qxa4 9.b3 Qb5 10.O-O-O Nf6 11.Nf3 Ne4 12.Qb2 Nxf2 13.c4 Nd3+ 14.Rxd3 dxc4 
15.Rd2 Nd7 16.Re1 O-O 17.e4 Bg4 18.Ng5 h6 19.bxc4 Qxc4+ 20.Qc2 Qxc2+ 21.
Kxc2 hxg5 22.Bxg5 Nb6 23.h3 Bh5 24.g4 Bg6 25.Rf1 Bxe4+ 26.Kd1 Bd5 27.Re2 
Bc4 28.Ref2 Bxf1 29.Rxf1 0-1

[Event "N3-R5-Auch vs Merignac"]
[Site "?"]
[Date "2011.01.16"]
[Round "5"]
[White "Join, Etienne"]
[Black "Paroissien, Jacques"]
[Result "0-1"]
[WhiteElo "1830"]
[BlackElo "1668"]
[Annotator ""]
[Source ""]
[Remark ""]

1.e4 e5 2.Nf3 Nc6 3.Bc4 Nf6 4.Nc3 Nxe4 5.Bxf7+ Kxf7 6.Nxe4 d5 7.Neg5+ Kg8 
8.d4 h6 9.Nh3 Bg4 10.dxe5 Nxe5 11.Nhg1 Qd6 12.h3 Re8 13.Be3 Bxf3 14.Nxf3 
Nc4 15.O-O Nxe3 16.fxe3 Rxe3 17.Kh1 Be7 18.Qd2 Re4 19.Rae1 Bf6 20.Rxe4 
dxe4 21.Qxd6 cxd6 22.Nd2 d5 23.Rf5 e3 24.Nf3 d4 25.Kg1 Kf7 26.Nxd4 Kg6 27.
Rf4 Rd8 28.Rg4+ Kf7 29.c3 Bxd4 30.Rxd4 Rxd4 31.cxd4 Ke6 32.Kf1 Kd5 33.Ke2 
Kxd4 34.Kf1 Kd3 35.Ke1 b5 36.Kd1 a5 0-1

[Event "N3-R5-Auch vs Merignac"]
[Site "?"]
[Date "2011.01.16"]
[Round "5"]
[White "Bignonneau, Pascal"]
[Black "Rouede, Gilbert"]
[Result "0-1"]
[WhiteElo "1730"]
[BlackElo "1789"]
[Annotator ""]
[Source ""]
[Remark ""]

1.d4 d5 2.c4 c6 3.Nf3 Nf6 4.e3 Bg4 5.Be2 e6 6.Nc3 Bd6 7.Qb3 Qc8 8.cxd5 
exd5 9.Bd2 Nbd7 10.Rc1 Qb8 11.g3 O-O 12.O-O Re8 13.Nb1 Ne4 14.Bb4 Bc7 15.
Rfe1 Ndf6 16.Nbd2 a5 17.Bc3 a4 18.Qc2 Bxg3 19.Nxe4 Nxe4 20.hxg3 Nxg3 21.
Ne5 Nxe2+ 22.Rxe2 Bxe2 23.Qxe2 Qd6 24.a3 f6 25.Bb4 Qe6 26.Nd3 Qf5 27.Kh2 
Re4 28.Rg1 Rae8 29.Bd6 Rxd4 30.Nf4 Rxf4 31.Bxf4 Qxf4+ 32.Rg3 Qc4 33.Qh5 
Qe4 34.Rg4 Qe5+ 35.Qxe5 Rxe5 36.Rxa4 Kf7 37.Ra7 Re7 38.b4 b5 39.Ra6 Re6 
40.Ra7+ Kg6 41.Kg3 f5 42.a4 bxa4 43.Rxa4 Kf6 44.Ra3 g5 45.f4 h5 46.fxg5+ 
Kxg5 47.Rb3 Rxe3+ 48.Rxe3 f4+ 49.Kf3 fxe3 0-1

[Event "N3-R5-Auch vs Merignac"]
[Site "?"]
[Date "2011.01.16"]
[Round "5"]
[White "Mesples, Jean-Marc"]
[Black "Lambert, Robert"]
[Result "1-0"]
[WhiteElo "1876"]
[BlackElo "1768"]
[Annotator ""]
[Source ""]
[Remark ""]

1.d4 Nf6 2.c4 g6 3.Nc3 Bg7 4.Nf3 d6 5.Bg5 Nbd7 6.e3 O-O 7.Be2 e5 8.Qc2 Qe8
9.O-O c6 10.Rad1 b6 11.Rfe1 Bb7 12.Nd2 Rc8 13.Nde4 Nxe4 14.Nxe4 Qe6 15.
dxe5 Qxe5 16.Bf4 Qxb2 17.Qxb2 Bxb2 18.Rxd6 Nc5 19.Nxc5 bxc5 20.Rb1 Rcd8 
21.Rxb2 Rxd6 22.Bxd6 Rd8 23.Bc7 1-0

[Event "N3-R5-Auch vs Merignac"]
[Site "?"]
[Date "2011.01.16"]
[Round "5"]
[White "Letessier, Damien"]
[Black "Devecchi, Jorge"]
[Result "0-1"]
[WhiteElo "1769"]
[BlackElo "1943"]
[Annotator ""]
[Source ""]
[Remark ""]

1.c4 Nc6 2.g3 Nf6 3.Bg2 e5 4.Nc3 d5 5.cxd5 Nd4 6.d3 Be7 7.Bg5 Nxd5 8.Bxe7 
Nxe7 9.e3 Ndc6 10.Qd2 O-O 11.O-O-O Bf5 12.Nge2 Qd6 13.e4 Bg6 14.d4 Nb4 15.
dxe5 Qc5 16.Qd4 Nxa2+ 17.Kb1 Nxc3+ 18.Nxc3 Qa5 19.f4 Bh5 20.Rd2 Bg4 21.f5 
Nc6 22.Qd5 Qb6 23.Na4 Qb4 24.Nc5 Rad8 25.Nd7 Nxe5 26.Qxe5 Qxd2 27.Nf6+ 
gxf6 28.Qxf6 Rd6 29.Qh4 Qxg2 30.Qxg4+ Kh8 31.Rd1 Rxd1+ 32.Qxd1 Qxe4+ 0-1

[Event "N3-R5-Auch vs Merignac"]
[Site "?"]
[Date "2011.01.16"]
[Round "5"]
[White "Golic, Nadil"]
[Black "Jacobs, George"]
[Result "1/2-1/2"]
[WhiteElo "1960"]
[BlackElo "1850"]
[Annotator ""]
[Source ""]
[Remark ""]

1.d4 Nf6 2.c4 e5 3.dxe5 Ng4 4.Nf3 Nc6 5.e3 Ngxe5 6.Nxe5 Bb4+ 7.Nd2 Nxe5 8.
a3 Bxd2+ 9.Bxd2 d6 10.Bc3 O-O 11.Qc2 Qe7 12.Be2 b6 13.O-O Bb7 14.e4 a5 15.
Rae1 Ng6 16.f3 Nf4 17.Bd2 Nxe2+ 18.Rxe2 Rae8 1/2-1/2

[Event "N3-R5-Auch vs Merignac"]
[Site "?"]
[Date "2011.01.16"]
[Round "5"]
[White "Rollin, Philippe"]
[Black "Le Gallen, Luc"]
[Result "1/2-1/2"]
[WhiteElo "1973"]
[BlackElo "1990"]
[Annotator ""]
[Source ""]
[Remark ""]

1.d4 Nf6 2.c4 e6 3.g3 d5 4.Bg2 Be7 5.Nf3 O-O 6.Qc2 Na6 7.a3 c5 8.cxd5 exd5
9.O-O Bg4 10.dxc5 Nxc5 11.Nd4 Rc8 12.Qd1 Qd7 13.b4 Na4 14.h4 Bh3 15.Bxh3 
Qxh3 16.Qxa4 Ng4 17.Nf3 Rxc1 18.Rxc1 Bd6 19.Rf1 Bxg3 20.fxg3 Qxg3+ 21.Kh1 
Qh3+ 22.Kg1 Ne3 23.Kf2 Ng4+ 24.Kg1 Qg3+ 25.Kh1 d4 26.Nbd2 Qh3+ 27.Kg1 Qg3+
1/2-1/2

[Event "N3-R5-Auch vs Merignac"]
[Site "?"]
[Date "2011.01.16"]
[Round "5"]
[White "Levieux, Pascal"]
[Black "Petit, Eric"]
[Result "1-0"]
[WhiteElo "2091"]
[BlackElo "2250"]
[Annotator ""]
[Source ""]
[Remark ""]

1.c4 Nf6 2.d4 c5 3.Nf3 cxd4 4.Nxd4 e5 5.Nf3 Nc6 6.a3 e4 7.Nd4 d5 8.Nc3 Ne5
9.cxd5 Bc5 10.h3 h6 11.e3 O-O 12.Be2 Qe7 13.O-O Rd8 14.Qc2 Ng6 15.f4 Bxd4 
16.exd4 Nh4 17.g4 h5 18.f5 hxg4 19.hxg4 Nf3+ 20.Bxf3 exf3 21.Bg5 Qd6 22.
Rxf3 Re8 23.Bxf6 Qxf6 24.Qd2 Bd7 25.g5 Qb6 26.Rf4 Qd6 27.Raf1 g6 28.f6 Bf5
29.Qh2 Re3 30.R4f3 Qxh2+ 31.Kxh2 Ree8 32.Kg3 Rac8 33.Kf4 Bc2 34.Re3 Rxe3 
35.Kxe3 Bb3 36.Ke4 Re8+ 37.Kf4 Bc4 38.Rf2 b5 39.Rf3 Re1 40.Re3 Rf1+ 41.Ke5
a5 42.b4 Rf5+ 43.Kd6 axb4 44.axb4 Rxg5 45.Re8+ Kh7 46.Rf8 Rf5 47.Rxf7+ Kh6
48.Rf8 g5 49.Kc6 g4 50.d6 1-0

[Event "N3-Auch vs Mont de Marsan"]
[Site "Auch"]
[Date "2011.02.06"]
[Round "6"]
[White "Pokee, Michèle"]
[Black "Petitcolas, Louis"]
[Result "0-1"]
[WhiteElo "1420"]
[BlackElo "1565"]
[Annotator ""]
[Source ""]
[Remark ""]

1.e4 e5 2.Nf3 Nc6 3.d4 exd4 4.Bc4 Nf6 5.Bg5 h6 6.Bxf6 Qxf6 7.O-O Bc5 8.Qd3
O-O 9.Nbd2 d6 10.Nb3 Bb6 11.Rad1 Bg4 12.Rd2 Nb4 13.Qe2 Rfe8 14.a3 Nc6 15.
Qd3 a6 16.Nfxd4 Ne5 17.Qc3 Nxc4 18.Qxc4 Rxe4 19.Qd5 Re5 20.Qxb7 Rae8 21.
Qxa6 Re1 22.h3 Bxh3 23.Rxe1 Rxe1+ 24.Kh2 Bd7 25.Qa8+ Kh7 26.Nf3 Rf1 27.
Qe4+ Bf5 28.Qh4 Qxb2 29.Ng5+ Kg8 30.Nf3 Be6 31.Nfd4 Bxb3 32.Nxb3 Qe5+ 33.
Qg3 Qf6 34.Re2 Kf8 35.Qd3 Bxf2 36.Re8+ Kxe8 37.Qxf1 Qh4# 0-1

[Event "N3-Auch vs Mont de Marsan"]
[Site "Auch"]
[Date "2011.02.06"]
[Round "6"]
[White "Herry, Serwan"]
[Black "Bougouin, Blaise"]
[Result "1-0"]
[WhiteElo "1640"]
[BlackElo "1590"]
[Annotator ""]
[Source ""]
[Remark ""]

1.e4 e5 2.Nf3 d6 3.d4 exd4 4.Nxd4 Nc6 5.Nxc6 bxc6 6.Nc3 Be7 7.Bc4 Nf6 8.
Bb3 O-O 9.O-O Be6 10.Be3 Bxb3 11.axb3 a6 12.Qe2 Qc8 13.f4 Ng4 14.Bd4 c5 
15.Nd5 Bd8 16.Bc3 c6 17.Ne3 Nxe3 18.Qxe3 Bh4 19.Rf3 Qg4 20.Qd3 Rfd8 21.
Rxa6 Qc8 22.Rxa8 Qxa8 23.Qd1 d5 24.exd5 cxd5 25.Rh3 d4 26.Bd2 Bf6 27.Qh5 
Qe4 28.Qxc5 Qe2 29.Ba5 Re8 30.Qc4 Qd1+ 31.Kf2 Qe1+ {??} 32.Bxe1 h6 33.Qc6 
Re6 34.Qc8+ Kh7 35.Qd7 Kg8 36.Kf1 Re7 37.Qf5 Re6 38.Bh4 Bxh4 39.Rxh4 Re3 
40.Rh3 Re8 41.b4 1-0

[Event "N3-Auch vs Mont de Marsan"]
[Site "Auch"]
[Date "2011.02.06"]
[Round "6"]
[White "Join, Etienne"]
[Black "Arenes, Muriel"]
[Result "1-0"]
[WhiteElo "1830"]
[BlackElo "1740"]
[Annotator ""]
[Source ""]
[Remark ""]

1.e4 d5 2.exd5 Qxd5 3.Nc3 Qd6 4.Bc4 Nf6 5.d3 a6 6.Nge2 e5 7.Bg5 Be7 8.O-O 
O-O 9.Ng3 b5 10.Bb3 Bb7 11.Re1 h6 12.Bh4 g5 13.Nf5 Qd7 14.Nxh6+ Kg7 15.
Bxg5 Nc6 16.Bxf6+ Bxf6 17.Qg4+ Qxg4 18.Nxg4 Rg8 19.Bd5 Rae8 20.Ne4 Be7 21.
Nxe5 Nd8 22.Bxb7 Nxb7 23.Re3 f6 24.Rg3+ Kf8 25.Rxg8+ Kxg8 26.Nc6 Kf7 27.
Re1 Bf8 28.Re3 Re6 29.Nd4 Re5 30.Rf3 Bg7 31.g4 c5 32.Nf5 Bh8 33.h4 c4 34.
Re3 cxd3 35.cxd3 Rd5 36.Nc3 Rd7 37.b4 Nd8 38.Ne4 Nb7 39.Nc5 Nxc5 40.bxc5 
a5 41.Nd6+ Kg6 42.Nxb5 f5 43.gxf5+ Kxf5 44.c6 Rd5 45.c7 Rc5 46.c8=Q+ 1-0

[Event "N3-Auch vs Mont de Marsan"]
[Site "Auch"]
[Date "2011.02.06"]
[Round "6"]
[White "Le Bournot, Philippe"]
[Black "Rouede, Gilbert"]
[Result "1-0"]
[WhiteElo "1850"]
[BlackElo "1789"]
[Annotator ""]
[Source ""]
[Remark ""]

1.e4 c5 2.Nf3 d6 3.d4 cxd4 4.Qxd4 Nc6 5.Bb5 Bd7 6.Bxc6 Bxc6 7.Bg5 Nf6 8.
Nc3 e5 9.Qd3 Be7 10.O-O-O O-O 11.Bxf6 gxf6 12.Nd5 Bxd5 13.Qxd5 Qc7 14.Nh4 
Rfd8 15.Nf5 Bf8 16.Rd3 Rd7 17.Rhd1 Qb6 18.Rg3+ Kh8 19.Qd2 Qa6 20.Kb1 Qc4 
21.Nh6 Be7 22.Qd5 Qxd5 23.Rxd5 Rf8 24.Rdd3 d5 25.Rxd5 Rxd5 26.exd5 Bd6 27.
Rf3 Be7 28.Rd3 Bc5 29.f3 Kg7 30.Nf5+ Kg6 31.g4 h5 32.h3 hxg4 33.hxg4 Rh8 
34.c3 Kg5 35.b4 Bb6 36.c4 e4 37.fxe4 Kxg4 38.c5 Bd8 39.Nd6 Rh7 40.Nxb7 1-0

[Event "N3-Auch vs Mont de Marsan"]
[Site "Auch"]
[Date "2011.02.06"]
[Round "6"]
[White "Golic, Nadil"]
[Black "Sudupé, Frédéric"]
[Result "1/2-1/2"]
[WhiteElo "1960"]
[BlackElo "1941"]
[Annotator ""]
[Source ""]
[Remark ""]

1.d4 d5 2.c4 Nc6 3.Nf3 Bg4 4.e3 e6 5.a3 Nf6 6.cxd5 exd5 7.Nc3 Ne7 8.Be2 c6
9.Ne5 Bxe2 10.Qxe2 Ng6 11.f4 Bd6 12.O-O Bxe5 13.fxe5 Nd7 14.Bd2 O-O 15.Rf2
f6 16.exf6 Nxf6 17.Raf1 Qd7 18.h3 Rae8 19.Qd3 Qe6 20.Rf5 1/2-1/2

[Event "N3-Auch vs Mont de Marsan"]
[Site "Auch"]
[Date "2011.02.06"]
[Round "6"]
[White "Dupray, François"]
[Black "Devecchi, Jorge"]
[Result "0-1"]
[WhiteElo "2010"]
[BlackElo "1948"]
[Annotator ""]
[Source ""]
[Remark ""]

1.c4 e5 2.Nc3 Nf6 3.Nf3 d6 4.g3 Be7 5.Bg2 O-O 6.O-O c6 7.e4 Be6 8.Qe2 Ne8 
9.Re1 c5 10.Nd5 Nc6 11.d3 Bg4 12.Be3 Qd7 13.Qf1 Nc7 14.h3 Bh5 15.a3 f5 16.
exf5 Nxd5 17.cxd5 Nd4 18.g4 Bf7 19.Nxd4 exd4 20.Bd2 a5 21.a4 b6 22.f4 Qb7 
23.Qf3 Kh8 24.g5 Bg8 25.Rad1 Rae8 26.f6 gxf6 27.Qh5 Bf7 28.Qh6 f5 29.Re2 
Rg8 30.Rde1 Bg6 31.Qh4 Qd7 32.Qf2 Bd8 33.Bf3 Qxa4 34.Re6 Rxe6 35.dxe6 Be7 
36.Bd5 Qc2 37.Rc1 Qxd3 38.Qg2 Bh5 39.b3 Qe2 40.Bc4 Qf3 41.Qf1 Kg7 42.Bd5 
Qxf1+ 43.Kxf1 Rc8 44.Kf2 Be8 45.Ke2 a4 46.Rb1 axb3 47.Bxb3 Bc6 48.Bc4 d5 
49.Ba6 Ra8 50.Rxb6 Rxa6 0-1

[Event "N3-Auch vs Mont de Marsan"]
[Site "Auch"]
[Date "2011.02.06"]
[Round "6"]
[White "Le Gallen, Luc"]
[Black "Ballarin, Christophe"]
[Result "1-0"]
[WhiteElo "1990"]
[BlackElo "2043"]
[Annotator ""]
[Source ""]
[Remark ""]

1.d4 d5 2.Nf3 Nc6 3.Bf4 Bg4 4.e3 e6 5.Be2 Bd6 6.Bxd6 Qxd6 7.O-O Nf6 8.Nbd2
O-O 9.c4 b6 10.Rc1 Ne7 11.Ne5 Bxe2 12.Qxe2 c5 13.Ndf3 Rac8 14.Rfd1 Ne4 15.
cxd5 exd5 16.dxc5 bxc5 17.Qc2 Rfd8 18.Qa4 a6 19.Qa3 Qf6 20.Nd3 c4 21.Nf4 
g6 22.Rd4 Nc5 23.Rcd1 Qf5 24.h3 h5 25.Qa5 Nd3 26.Nxd3 Nc6 27.Qa3 cxd3 28.
R4xd3 Ne5 29.Nxe5 Qxe5 30.Rd4 Rc2 31.Qxa6 Rxb2 32.a4 Qf5 33.Rf4 Qc2 34.Rf1
Qc7 35.Qf6 Rb6 36.Qd4 Ra6 37.Rb1 Rdd6 38.Rb5 Rac6 39.Qe5 Rc1+ 40.Kh2 f6 
41.Qe8+ Kg7 42.Rb8 Kh6 43.Qh8+ 1-0

[Event "N3-Auch vs Mont de Marsan"]
[Site "Auch"]
[Date "2011.02.06"]
[Round "6"]
[White "Lelimousin, Vincent"]
[Black "Levieux, Pascal"]
[Result "1/2-1/2"]
[WhiteElo "2191"]
[BlackElo "2091"]
[Annotator ""]
[Source ""]
[Remark ""]

1.e4 Nf6 2.e5 Nd5 3.d4 d6 4.Nf3 g6 5.Bc4 Nb6 6.Bb3 Bg7 7.O-O O-O 8.Bg5 Nc6
9.exd6 cxd6 10.c3 Qc7 11.Nbd2 Bf5 12.Re1 Rae8 13.Ne4 Na5 14.Ng3 Bg4 15.h3 
Bc8 16.Qd2 Nac4 17.Qc1 f6 18.Bh6 e5 19.Bxg7 Kxg7 20.Bc2 Nd5 21.b3 Ncb6 22.
c4 Nf4 23.Ne2 Nxe2+ 24.Rxe2 exd4 25.Rxe8 Rxe8 26.Nxd4 d5 27.Bd3 Qc5 28.Nf3
dxc4 29.bxc4 Nd7 30.Qc3 b6 31.Bf1 Qd6 32.Re1 Rxe1 33.Qxe1 Bb7 34.Qe3 Bxf3 
35.Qxf3 Nc5 36.g3 Qd4 37.a3 Ne4 38.h4 Nd2 39.Qd1 Qc3 40.Be2 Nb3 41.Qd7+ 
Kh6 42.Qe7 f5 43.g4 fxg4 44.Qg5+ 1/2-1/2

[Event "Régionale 1"]
[Site "Castelsarrasin"]
[Date "2011.02.06"]
[Round "5.6"]
[White "Trauquesegues, Patrick"]
[Black "Tabone, Yves"]
[Result "0-1"]
[WhiteElo "1620"]
[BlackElo "1320"]

1.d4 d5 2.c4 e6 3.Nc3 Nf6 4.Bg5 Be7 5.Qd2 b6 6.Nf3 Bb7 7.Ne5 Nbd7 8.Nf3 h6
9.Bf4 Bb4 10.a3 Ne4 11.Qc2 Nxc3 12.axb4 Ne4 13.c5 Qe7 14.Bxc7 bxc5 15.bxc5
Ndxc5 16.Bb6 axb6 17.Rxa8+ Bxa8 18.dxc5 bxc5 19.g3 O-O 20.Bg2 Qb7 21.b3 
Qb4+ 22.Nd2 d4 23.Qd3 Nxd2 24.Qxd2 Qxd2+ 25.Kxd2 Bxg2 26.Ra1 Rb8 27.f3 
Rxb3 28.h4 Bh3 29.g4 f5 30.g5 hxg5 31.hxg5 f4 32.Ra5 Bf5 33.Rxc5 Rb2+ 34.
Kd1 Rb1+ 35.Kd2 Rg1 36.Rc4 e5 37.Rc5 Rxg5 38.Rxe5 Kf7 39.Rd5 d3 40.e3 Rg2+
41.Kc3 Ke6 42.e4 d2 43.Kc2 Bg6 44.Rxd2 Rxd2+ 45.Kxd2 Ke5 46.Ke2 Kd4 47.Kf2
Kd3 48.Kg2 Ke3 49.e5 Bh5 50.e6 Bxf3+ 51.Kf1 Bc6 52.e7 f3 53.Ke1 f2+ 54.Kf1
Bb5+ 0-1

[Event "Régionale 1"]
[Site "Castelsarrasin"]
[Date "2011.02.06"]
[Round "5.5"]
[White "Tillol, Jean-Claude"]
[Black "Seney, Jean-Pierre"]
[Result "1-0"]
[WhiteElo "1730"]
[BlackElo "1370"]

1.Nf3 Nc6 2.c4 d6 3.d4 e6 4.e4 Bd7 5.Nc3 a6 6.Be2 g6 7.Bg5 f6 8.Be3 Bg7 9.
Qd2 Qe7 10.a3 Qf8 11.h3 Nh6 12.d5 Ne5 13.Nd4 exd5 14.Nxd5 O-O-O 15.Qa5 b6 
16.Qxa6+ Kb8 17.Ne6 Bc8 18.Bxb6 Bxa6 19.Bxc7+ Kb7 20.Nxf8 Rdxf8 21.Bxd6 
Rc8 22.Bxe5 fxe5 23.Rc1 Nf7 24.b4 Ka7 25.O-O Bh6 26.Rc2 Nd6 27.c5 Nxe4 28.
Bxa6 Kxa6 29.Re1 Rhd8 30.Nb6 Rc6 31.Rxe4 Re6 32.Rce2 Rd1+ 33.Re1 Rxe1+ 34.
Rxe1 Kb5 35.Re4 Bd2 36.Nc4 Bc3 37.Nb6 Bb2 38.a4+ Kc6 39.Rc4 Bd4 40.b5+ Kb7
41.a5 Rf6 42.a6+ Kb8 1-0

[Event "Régionale 1"]
[Site "Castelsarrasin"]
[Date "2011.02.06"]
[Round "5.4"]
[White "Garces, Claude"]
[Black "Haddab, Roland"]
[Result "0-1"]
[WhiteElo "1499"]
[BlackElo "1750"]

1.d4 d5 2.c4 c6 3.Nf3 Nf6 4.Nc3 e6 5.Bg5 Be7 6.Bxf6 Bxf6 7.g3 O-O 8.Bg2 
dxc4 9.e4 g6 10.O-O Nd7 11.Qe2 b5 12.a4 b4 13.e5 bxc3 14.exf6 cxb2 15.Qxb2
Rb8 16.Qa2 Qxf6 17.Qxc4 Rb6 18.Rfd1 Ba6 19.Qc3 Rfb8 20.Nd2 Qe7 21.a5 Rb2 
22.Qxc6 Bb7 23.Qc3 Bxg2 24.Kxg2 Nf6 25.Rab1 Rxb1 26.Qf3 Rxd1 27.Qxd1 Qc7 
28.Qf3 Qb7 29.a6 Qxf3+ 30.Nxf3 Rb6 31.h3 Rxa6 32.g4 Ra2 33.Kg3 Ne4+ 34.Kf4
Nxf2 35.Kg3 a5 36.Ne5 Ne4+ 37.Kf4 f5 38.Nc4 a4 39.gxf5 exf5 0-1

[Event "Régionale 1"]
[Site "Castelsarrasin"]
[Date "2011.02.06"]
[Round "5.3"]
[White "Sangoï, Jean-Jacques"]
[Black "Seguelong, Patrick"]
[Result "1/2-1/2"]
[WhiteElo "1759"]
[BlackElo "1670"]

1.d4 e6 2.c4 Nf6 3.Nc3 b6 4.e4 Bb4 5.f3 O-O 6.Bd3 d6 7.Ne2 Nbd7 8.O-O Bxc3
9.bxc3 e5 10.Ng3 Re8 11.Bg5 h6 12.Be3 Nf8 13.Qd2 Ng6 14.Rae1 Nh7 15.f4 f6 
16.f5 Ne7 17.Nh5 Rf8 18.h4 Bd7 19.Qf2 Be8 20.Be2 Kh8 21.g4 Bxh5 22.gxh5 
Rf7 23.Kh2 Ng8 24.Rg1 Qe7 25.Rg4 exd4 26.cxd4 Re8 27.Bd3 c5 28.d5 Qd7 29.
Bf4 Ree7 30.Reg1 Nf8 31.Qd2 Qc7 32.Kh3 Nd7 1/2-1/2

[Event "Régionale 1"]
[Site "Castelsarrasin"]
[Date "2011.02.06"]
[Round "5.2"]
[White "Heinsius, Ernst"]
[Black "Vainguer, Guillaume"]
[Result "0-1"]
[WhiteElo "1699"]
[BlackElo "1762"]

1.d4 d5 2.Nf3 Nf6 3.e3 Bg4 4.h3 Bxf3 5.Qxf3 c6 6.c4 Nbd7 7.cxd5 Nxd5 8.Bc4
e6 9.a3 Qf6 10.Nd2 b5 11.Bxd5 cxd5 12.b4 a5 13.bxa5 Rxa5 14.Qxf6 Nxf6 15.
Nb3 Ra4 16.O-O Bd6 17.Bb2 Kd7 18.Rfc1 Rha8 19.Nc5+ Bxc5 20.Rxc5 b4 21.Rac1
bxa3 22.Rc7+ Ke8 23.Rc8+ Rxc8 24.Rxc8+ Kd7 25.Rc2 axb2 26.Rxb2 Ne4 27.f3 
Nd6 28.Kf2 Ke7 29.Rc2 h5 30.h4 Kf6 31.g3 Kf5 32.Kg2 f6 33.Kf2 g5 34.hxg5 
fxg5 35.Kg2 g4 36.Rf2 Kg5 37.fxg4 hxg4 38.Re2 Ne4 39.Rb2 Ra3 40.Re2 Ra8 
41.Rc2 Rh8 42.Rc7 Rh3 43.Rg7+ Kf5 44.Rf7+ Kg6 45.Rf3 gxf3+ 46.Kxh3 Kg5 47.
g4 f2 48.Kg2 Kxg4 0-1

[Event "?"]
[Site "Castelsarrasin"]
[Date "2011.02.06"]
[Round "5.1"]
[White "Martin, eric"]
[Black "Aspinall, John"]
[Result "1/2-1/2"]
[WhiteElo "1842"]
[BlackElo "1670"]

1.e4 d6 2.d4 g6 3.Bd3 Bg7 4.c3 b6 5.Nf3 Nd7 6.O-O e6 7.Bg5 Ne7 8.Qd2 h6 9.
Be3 Bb7 10.h3 Nf6 11.Bb5+ Kf8 12.e5 dxe5 13.Nxe5 Qd5 14.Bc6 Bxc6 15.f3 Qd8
16.c4 Bb7 17.Nc3 Nd7 18.f4 Nf5 19.Rad1 Nxe3 20.Qxe3 Bxe5 21.fxe5 Kg7 22.
Ne4 Bxe4 23.Qxe4 Qe7 24.Rf2 Rab8 25.Qc6 f6 26.Qxc7 f5 27.d5 Qd8 28.Qxa7 
Ra8 29.Qb7 Qc8 30.Qxc8 Rhxc8 31.b3 Nxe5 32.Re2 Kf6 33.Rde1 exd5 1/2-1/2

[Event "Nationale III"]
[Site "Castelsarrasin"]
[Date "2011.02.06"]
[Round "6.8"]
[White "Gallice, Floriane"]
[Black "Morand; Esther"]
[Result "1-0"]
[WhiteElo "1420"]
[BlackElo "1586"]

1.e4 d6 2.f4 Nf6 3.Nc3 Nbd7 4.Bc4 e5 5.Nf3 Be7 6.O-O O-O 7.Qe1 c6 8.d3 b5 
9.Bb3 Qc7 10.Qg3 g6 11.f5 Nh5 12.Qf2 Nc5 13.fxg6 hxg6 14.Ng5 Bxg5 15.Bxg5 
Nxb3 16.axb3 Be6 17.Qh4 a5 18.g4 Qb6+ 19.Kh1 Ng7 20.Qh6 f5 21.gxf5 gxf5 
22.Bf6 Ra7 23.Bxg7 Rxg7 24.Qxe6+ Rgf7 25.Rg1+ Kh8 26.Qh6+ 1-0

[Event "Nationale III"]
[Site "Castelsarrasin"]
[Date "2011.02.06"]
[Round "6.7"]
[White "Grezels, Florian"]
[Black "Courtine, Thomas"]
[Result "1/2-1/2"]
[WhiteElo "1855"]
[BlackElo "1784"]

1.e4 e5 2.Nf3 Nf6 3.Nxe5 d6 4.Nf3 Nxe4 5.Nc3 Nxc3 6.dxc3 Be7 7.Bf4 Nd7 8.
Bd3 Nc5 9.Qd2 Nxd3+ 10.Qxd3 O-O 11.O-O-O b5 12.h4 Rb8 13.Ng5 g6 14.Qg3 h5 
15.Rhe1 b4 16.c4 a5 17.c5 b3 18.axb3 Bf5 19.cxd6 cxd6 20.Bxd6 Bxd6 21.Rxd6
Qc8 22.Ne4 a4 23.Qc3 Qxc3 24.Nxc3 axb3 25.cxb3 Rxb3 26.Ra6 Rfb8 27.Ra2 Kg7
28.Re2 R3b4 29.g3 Bg4 30.Rd2 Bf5 31.Ra3 Rc8 32.Rd1 Bg4 33.Rd2 Bf5 34.Kd1 
Rcb8 35.Kc1 Re8 36.Nd1 Rc8+ 37.Nc3 Re8 38.Re2 Rc8 39.Re3 Rcb8 40.Re2 
1/2-1/2

[Event "Nationale III"]
[Site "Castelsarrasin"]
[Date "2011.02.06"]
[Round "6.6"]
[White "Gallice, François"]
[Black "Mevel, Mael"]
[Result "1-0"]
[WhiteElo "1840"]
[BlackElo "1844"]

1.Nf3 Nf6 2.c4 g6 3.b3 Bg7 4.Bb2 O-O 5.g3 c6 6.Bg2 d6 7.O-O Bg4 8.d3 Re8 
9.Nbd2 e5 10.Rb1 a5 11.a3 Nbd7 12.Re1 Rb8 13.Ng5 h6 14.Nge4 Nc5 15.Nxc5 
dxc5 16.Qc2 Qc7 17.Bc3 Nd7 18.Qb2 Re7 19.b4 cxb4 20.axb4 axb4 21.Qxb4 Bf8 
22.e3 Ree8 23.Qb2 b5 24.cxb5 Rxb5 25.Qc2 Reb8 26.Ba1 Rc5 27.Qa4 Rxb1 28.
Rxb1 Be2 29.d4 Bb5 30.Qb3 exd4 31.Bxd4 Qa5 32.Bxc5 Nxc5 33.Qd1 Na4 34.Ne4 
Bg7 35.Qb3 Qd8 36.Rd1 Qe7 37.Qc2 Nb6 38.Qc5 Qc7 39.Nc3 Nd7 40.Nxb5 Qb7 41.
Qxc6 1-0

[Event "Nationale III"]
[Site "Castelsarrasin"]
[Date "2011.02.06"]
[Round "6.5"]
[White "Roques, Olivier"]
[Black "Roubert, Emile"]
[Result "1-0"]
[WhiteElo "1884"]
[BlackElo "1931"]

1.c4 e5 2.Nc3 f5 3.d4 e4 4.Nh3 Nf6 5.Bg5 Be7 6.Nf4 O-O 7.e3 d6 8.Be2 c6 9.
Rb1 Na6 10.h3 Nc7 11.g4 d5 12.Qb3 dxc4 13.Bxc4+ Kh8 14.gxf5 Bxf5 15.Rg1 
Qd6 16.Rd1 b5 17.Be2 a5 18.Bxf6 Bxf6 19.d5 a4 20.Qc2 cxd5 21.Ncxd5 Nxd5 
22.Rxd5 Qb4+ 23.Kf1 Rac8 24.Qd1 Rc5 25.Kg2 Bxb2 26.Qb1 a3 27.Rgd1 h6 28.
Rxc5 Qxc5 29.Rd5 Qc8 30.Bg4 Kg8 31.Bxf5 Rxf5 32.Qxe4 Rxd5 33.Qxd5+ Kh7 34.
Qxb5 Qg8 35.Qf5+ g6 36.Qe6 Qxe6 37.Nxe6 g5 38.Kf3 Kg6 39.Ke4 Kf6 40.Nd4 
Bc1 41.Nf5 h5 42.Ng3 Kg6 43.f4 gxf4 44.exf4 Bd2 45.Ke5 Ba5 46.Nf5 Bc7+ 47.
Ke4 Kf6 48.Ne3 Bd6 49.Nd5+ Kg6 50.Ne3 Kf6 51.Nc4 Be7 52.Nd2 Bb4 53.Nf3 Bc3
54.Nh4 Be1 55.Nf5 Bf2 56.Ne3 Bg1 57.Nd5+ Kg6 58.Ke5 Kf7 59.Kf5 Bf2 60.Kg5 
h4 61.Nc3 Be3 62.Nb5 Bc1 63.Nd4 Be3 64.Nf5 1-0

[Event "Nationale III"]
[Site "Castelsarrasin"]
[Date "2011.02.06"]
[Round "6.4"]
[White "Duverdier, Serge"]
[Black "Gregory, Daniel"]
[Result "0-1"]
[WhiteElo "2054"]
[BlackElo "2063"]

1.d4 Nf6 2.Nf3 g6 3.g3 Bg7 4.Bg2 O-O 5.O-O d6 6.c4 Nbd7 7.Nc3 e5 8.e4 Qe7 
9.h3 c6 10.Be3 Rd8 11.Qc2 Nh5 12.Rfe1 h6 13.Rad1 Re8 14.Qd2 Kh7 15.dxe5 
Nxe5 16.Nxe5 dxe5 17.Qd6 Be6 18.Qxe7 Rxe7 19.b3 Ree8 20.Na4 b6 21.Rd6 Rac8
22.Red1 Bf8 23.R6d3 f5 24.Kh2 f4 25.Bc1 g5 26.Bb2 fxg3+ 27.fxg3 Bg7 28.Rd6
Rc7 29.Nc3 Nf6 30.Ne2 Nd7 31.g4 Nf8 32.Ng3 Ng6 33.Nf5 Bf8 34.Rd8 Rc8 35.
Rxc8 Rxc8 36.Rd2 Re8 37.Kg1 Bb4 38.Rd1 Bf8 39.Rd2 Kg8 40.Kh2 Kf7 41.Kg3 
Kf6 42.Bc3 Nf4 43.Bf3 Rc8 44.Rd1 b5 45.Ne3 Bc5 46.Bd2 Rd8 47.Nf5 bxc4 48.
bxc4 Bxc4 49.Bxf4 exf4+ 50.Kg2 Rxd1 51.Bxd1 Bxa2 52.Nxh6 Bb1 53.Kf3 Bf8 
54.Nf5 Ke5 55.Ba4 Bxe4+ 0-1

[Event "Nationale III"]
[Site "Castelsarrasin"]
[Date "2011.02.06"]
[Round "6.3"]
[White "Entem, Alan"]
[Black "Lerner, Fabien"]
[Result "1-0"]
[WhiteElo "2134"]
[BlackElo "1997"]

1.e4 c6 2.d4 d5 3.Nc3 dxe4 4.Nxe4 Bf5 5.Ng3 Bg6 6.h4 h6 7.Nf3 Nd7 8.h5 Bh7
9.Bd3 Bxd3 10.Qxd3 Qc7 11.Bd2 Ngf6 12.Qe2 e6 13.O-O-O O-O-O 14.Ne5 Nxe5 
15.dxe5 Nd5 16.Kb1 c5 17.Rh4 Ne7 18.f4 Nc6 19.Be3 Be7 20.Rg4 Rxd1+ 21.Qxd1
Rd8 22.Qe2 Bf8 23.Ne4 Nd4 24.Bxd4 Rxd4 25.c3 Rd5 26.c4 Rd4 27.Nc3 Qd7 28.
Kc2 a6 29.g3 Kc7 30.b3 Qc6 31.Rh4 b6 32.Rh2 Qb7 33.Rf2 Be7 34.f5 Bg5 35.
fxe6 fxe6 36.Rf7+ Rd7 37.Rxd7+ Kxd7 38.Qd3+ Kc7 39.Ne4 Qc6 40.Qf3 Qd7 41.
Nd6 Kb8 42.Qf8+ Ka7 43.Nc8+ Kb7 44.Nd6+ Ka7 45.Ne4 Be3 46.g4 Bd4 47.Qf4 
Qb7 48.Kd3 a5 49.Nd6 Qa8 50.Nb5+ 1-0

[Event "Nationale III"]
[Site "Castelsarrasin"]
[Date "2011.02.06"]
[Round "6.2"]
[White "Ramahef, Eric"]
[Black "Deflesselle, Eric"]
[Result "1/2-1/2"]
[WhiteElo "2087"]
[BlackElo "2051"]

1.e4 c5 2.Nc3 Nc6 3.g3 g6 4.Bg2 Bg7 5.d3 Nf6 6.h3 d6 7.Be3 O-O 8.Qd2 Rb8 
9.Bh6 b5 10.Bxg7 Kxg7 11.f4 Qc7 12.Nce2 a5 13.Nf3 a4 14.O-O b4 15.g4 Ba6 
16.b3 Bb7 17.Ng3 Nd7 18.h4 Qb6 19.Kh1 Ra8 20.h5 f6 21.g5 Nd4 22.Nxd4 cxd4 
23.f5 Ne5 24.Bh3 axb3 25.axb3 Rxa1 26.Rxa1 Nf3 27.gxf6+ exf6 28.Qf2 Ng5 
29.Bg2 gxh5 30.Nxh5+ Kh8 31.Nf4 Qc5 32.Re1 Rg8 33.Bf3 Nxf3 34.Qxf3 Qxf5 
35.Rg1 Rxg1+ 36.Kxg1 Qg5+ 37.Kf2 Bc8 38.Nd5 Kg7 39.Qg3 Qxg3+ 40.Kxg3 Bb7 
41.Nxb4 Kf7 42.Na2 Ke6 43.Kf4 d5 44.exd5+ Kxd5 45.Nc1 Bc8 46.Ne2 h5 47.c4+
dxc3 48.Nxc3+ Kd4 49.Ne4 f5 50.Nd6 Be6 51.Nxf5+ Kxd3 52.Kg5 1/2-1/2

[Event "Nationale III"]
[Site "Castelsarrasin"]
[Date "2011.02.06"]
[Round "6.1"]
[White "Lacroix, Romain"]
[Black "Castro, John"]
[Result "0-1"]
[WhiteElo "2230"]
[BlackElo "2153"]

1.e4 c5 2.Nf3 g6 3.d4 cxd4 4.Qxd4 Nf6 5.e5 Nc6 6.Qa4 Nd5 7.Qe4 Nb6 8.Bf4 
d5 9.exd6 Bf5 10.Qe2 Bg7 11.dxe7 Nxe7 12.Nc3 O-O 13.Qd2 Ned5 14.Nxd5 Nxd5 
15.Be5 Bxe5 16.Nxe5 Re8 17.O-O-O Rxe5 18.f4 Rc8 19.c3 Qa5 20.fxe5 Nxc3 21.
b4 Qa3+ 22.Qb2 Ne2+ 0-1